American federalism: a view from the states

Salvato in:
Dettagli Bibliografici
Autore principale: Elazar, Daniel J (Autore)
Natura: Libro
Lingua:inglese
Pubblicazione: Nueva York Harper & Row 1984
Edizione:3a. ed
Soggetti:
Tags: Aggiungi Tag
Nessun Tag, puoi essere il primo ad aggiungerne!!

MARC

LEADER 00000nam a2200000 a 4500
001 UCT6880
003 CL-VaPUC
008 970113e19840000US |||||||||||||||||eng|d
082 0 4 |a 321.02  |b ELA  |2 21 
100 0 |a Elazar, Daniel J  |e author  |9 377222 
245 1 0 |a American federalism: a view from the states 
250 |a 3a. ed 
300 |a 270 p 
942 |c BK 
945 |d 19970113 00:00:00  |a paguirre 
260 |a Nueva York  |b Harper & Row  |c 1984 
650 0 |a Federalismo  |9 313886 
650 7 |a FEDERACION  |2 CL-VaPUC  |9 358919 
650 0 |a Doctrinas políticas  |9 255835 
650 0 |a Estado  |9 255503 
650 7 |a SISTEMAS POLITICOS  |2 CL-VaPUC  |9 377223 
651 0 |a Estados Unidos  |9 255178 
583 |a last modification  |c 19970113 00:00:00  |k Rodrigo Vera 
999 |c 255550  |d 255548 
952 |0 0  |1 0  |4 0  |6 321_020000000000000_ELA_1984  |7 0  |8 A  |9 277830  |a BIBDER  |b BIBDER  |d 2019-11-19  |i 1803670  |o 321.02 ELA 1984  |p 1803670  |r 2023-01-25  |w 2019-11-19  |y BK  |k DER